000 00506nam a22001817a 4500
003 OSt
005 20260303000726.0
008 260203b |||||||| |||| 00| 0 eng d
020 _a9719257407
040 _aDWCL-Main Lib
_cOC
082 _aProf. 899.211 On58 2002
100 _aOng, Bob
245 _aBakit baliktad mag basa ng libro and mga Pilipino?
260 _aPasay City :
_bVisprint,
_cc2002.
300 _a201 pages ;
_c 18 cm.
650 _aFilipino - literature.
942 _2ddc
_cPROF.
_mProf.
_n0
999 _c8153
_d8153